| 000 | 00499nam a2200181Ia 4500 | ||
|---|---|---|---|
| 005 | 20250508151345.0 | ||
| 008 | 008 250505s9999 xx 000 0 eng d | ||
| 037 | _aTextual | ||
| 040 |
_aFEDL _beng _cFEDL |
||
| 041 |
_aeng _2eng |
||
| 084 |
_a676, IND _qFEDL |
||
| 245 | 0 | _aReport of the Indian tariff board on paper prices | |
| 245 | 0 | _cGovernment of India. Ministry of Commerce | |
| 260 | _c1948 | ||
| 300 | _aii,34p. | ||
| 942 |
_cTEXL _h676, IND |
||
| 999 |
_c1329267 _d1329267 |
||